Tự học xử lý sự cố thường gặp trên các phần mềm đồ họa coreldraw autocad photoshop
Sách gồm 3 phần, Phần 1: Thủ thuật thông dụng trên Autocad 2007, Phần 2: Thủ thuật thông dụng trên Photoshop CS2, Phần 3: Thủ thuật thông dụng trên Coreldraw 12
Сохранить в:
| Формат: | |
|---|---|
| Язык: | Undetermined |
| Опубликовано: |
Hà Nội
Văn hóa Thông tin
2010
|
| Предметы: | |
| Метки: |
Добавить метку
Нет меток, Требуется 1-ая метка записи!
|
| Thư viện lưu trữ: | Trung tâm Học liệu Trường Đại học Cần Thơ |
|---|
| LEADER | 00913nam a2200193Ia 4500 | ||
|---|---|---|---|
| 001 | CTU_153873 | ||
| 008 | 210402s9999 xx 000 0 und d | ||
| 020 | |c 32000 | ||
| 082 | |a 006.68 | ||
| 082 | |b W324 | ||
| 245 | 0 | |a Tự học xử lý sự cố thường gặp trên các phần mềm đồ họa coreldraw autocad photoshop | |
| 245 | 0 | |c Water PC | |
| 260 | |a Hà Nội | ||
| 260 | |b Văn hóa Thông tin | ||
| 260 | |c 2010 | ||
| 520 | |a Sách gồm 3 phần, Phần 1: Thủ thuật thông dụng trên Autocad 2007, Phần 2: Thủ thuật thông dụng trên Photoshop CS2, Phần 3: Thủ thuật thông dụng trên Coreldraw 12 | ||
| 650 | |a Computer graphics,Photoshop ( computer programs ),Đồ họa vi tính,Photoshop (Chương trình máy tính) | ||
| 904 | |i Trọng Hải | ||
| 980 | |a Trung tâm Học liệu Trường Đại học Cần Thơ | ||